000 01809nam0a2200409 4500
001 RU\NLR\BIBL_A\022541656
005 20260305144717.0
010 _a978-5-907646-17-9
_91000
021 _aRU
_bКН-П-25-017418
_9КН-П-25-1770
035 _a(NLR Aleph) 022541656
090 _a13555547
_c13555547
100 _a20250515d2024 u y0rusy50 ca
101 1 _arus
_cchi
102 _aRU
105 _ay z 000 y
181 0 _ai4
_baxxe
182 0 _an
200 1 _aСобрание сочинений. Исследование китайского образования
_fЧжу Юнсинь
_gперевод с китайского Рыбалко Н. Н.
_g[ответственный редактор: Павел Руднев]
203 _aТекст
_bвизуальный
_cнепосредственный
210 _aМосква
_cШанс
_d2024
215 _a667 с.
_d22
300 _aНа 4-й с. обл. авт.: Чжу Юнсинь, проф. ун-та Сучжоу
320 _aБиблиогр.: с. 660-661
333 _a12+
517 1 _aИсследование китайского образования
606 1 _aОбразование
_yКитай
_92361451
_3RU\NLR\AUTH\661410119
686 1 _aЧ34(5Кит)
700 0 _7ca
_8rus
_aЧжу Юнсинь
_f1958-
_9213092
_3RU\NLR\AUTH\770213148
702 1 _aРуднев
_bП.
_gПавел
_4340
702 1 _aРыбалко
_bН. Н.
_4730
856 4 _lVNP_SKP
_tVIEW
_uhttps://webservices.nlr.ru/viewer/file?name=a022541656_002.txt
_yАннотация
856 4 1 _lVNP_SKP
_tVIEW
_uhttps://webservices.nlr.ru/viewer/file?name=t022541656_001.jpeg
_yОбложка
942 _cBOOK
980 4 _aVNP_SKP
980 _aNB